000 00354nam a2200145Ia 4500
008 230711s9999||||xx |||||||||||||| ||und||
041 _aENG
082 _a621
_bSE-P
100 _aSen,P.C
245 0 _aPower electronics
250 _a1st
260 _c1987
_aNew Delhi
_bTata McGraw Hill Education Limited
650 _aElectrical Engineering
942 _cBK
999 _c200
_d200